MARC детайли
| 000 -Лидер |
| Контролно поле с фиксирана дължина |
03077nam a2200541 c 4500 |
| 003 - Код на организацията, давaща контролен номер |
| Контролно поле |
BLK |
| 005 - Дата и час на последна редакция |
| Контролно поле |
20250313154940.0 |
| 008 - Елементи от данни с фиксирана дължина |
| fixed length control field |
180409b bul|||||r ||||||| ||bul|| |
| 010 ## - Наследен системен номер |
| LC control number |
KNG00146209000 |
| 040 ## - Източник на каталожния запис |
| Идентификатор на билиотеката - собственик на записа |
BLK |
| 041 ## - Код за език |
| Код за езика на текст/звукозапис или на отделно заглавие |
Български |
| Код за езика КДБФ |
Български |
| 072 #7 - Код за тематичната категория |
| Код организация |
bullib |
| Код за тематична категория |
К |
| Текст |
Краезнание |
| 080 ## - УДК |
| Текстов определител УДК |
Националноосвободителното движение в България (1856-1877) |
| УДК код - определител по УДК |
94(497.2)"1856/1877" |
| УДК определител |
(092) |
| УДК - код + определител |
94(497.2)"1856/1877"(092) |
| 080 ## - УДК |
| Текстов определител УДК |
Съби Стойков Попович. Български революционер и възрожденец, революционен демократ, публицист, журналист, историк и етнограф |
| УДК код - определител по УДК |
929 Раковски, Георги Сава |
| УДК - код + определител |
929 Раковски, Георги Сава |
| 100 ## - Редна дума - Автор |
| Автор |
Раковски, Георги Стойков |
| Дати, свързани с автора |
1821 - 1867 |
| Автор - информация (биография) |
Революционер, писател, публицист |
| Пълна форма на името |
Попович, Съби Стойков |
| R(LIN) |
365114 |
| 139 ## - Редно поле |
| Редна дума |
Раковски, Георги Стойков |
| Авторски знак |
Рако - Р 31 |
| 245 10 - Сведения за заглавието |
| Заглавие |
Архив на Г. С. Раковски |
| Подзаглавни данни |
Т. 1 - За том: 1862 - 1867 |
| Редно поле (дума) |
Георги Стойков Раковски; подг. за печат, с обясн. бел. на том Веселин Николов Трайков; отг. ред. на том Иван Унджиев. |
| Том |
Т. 4 |
| Заглавие на том |
Писма до Раковски |
| 257 ## - Страна на издаване |
| Страна на създаване/издаване |
България |
| 260 ## - Област на издателските данни |
| Име на издателя, разпространителя и проч. |
БАН |
| Година на издаване |
1952 - |
| 300 ## - Физическа характеристика |
| Размери/Мащаб |
24 см |
| 380 ## - Жанр |
| Жанр |
История |
| 500 ## - Общи забележки |
| Забележка |
Изд. на БАН. Инст. за история. |
| 600 14 - Име на лице, използвано като предмет |
| За него / За нея |
Раковски, Георги Сава |
| 9 (RLIN) |
244444 |
| 650 #4 - Допълнително описание по предмет – тема |
| Основно описание – тема или топоним |
Националноосвободително движение - България - дейци |
| 9 (RLIN) |
243361 |
| 650 #4 - Допълнително описание по предмет – тема |
| Основно описание – тема или топоним |
Раковски, Георги Сава |
| 9 (RLIN) |
244444 |
| 650 #4 - Допълнително описание по предмет – тема |
| Основно описание – тема или топоним |
Революционери, български |
| 9 (RLIN) |
252105 |
| 650 #4 - Допълнително описание по предмет – тема |
| Основно описание – тема или топоним |
Възрожденци, български |
| 9 (RLIN) |
246435 |
| 651 #4 - Допълнително описание по предмет - топоним |
| Географско понятие |
България |
| 9 (RLIN) |
241624 |
| 653 ## - Ключова дума – ненормативна |
| Ключова дума |
българска история |
| 653 ## - Ключова дума – ненормативна |
| Ключова дума |
националноосвободителни движения |
| 653 ## - Ключова дума – ненормативна |
| Ключова дума |
Георги Раковски |
| 653 ## - Ключова дума – ненормативна |
| Ключова дума |
писма |
| 653 ## - Ключова дума – ненормативна |
| Ключова дума |
възрожденци |
| 653 ## - Ключова дума – ненормативна |
| Ключова дума |
революционери |
| 653 ## - Ключова дума – ненормативна |
| Ключова дума |
български писатели |
| 659 ## - Тематичен бюлетин |
| Тематичен бюлетин |
К |
| 700 1# - Други автори (авторска отговорност) |
| Лично име |
Трайков, Веселин Николов |
| Автороска отговорност (Описва отношението между автора и произведението) |
подг. за печат, с обясн. бел. на том |
| 9 (RLIN) |
364306 |
| 700 ## - Други автори (авторска отговорност) |
| Лично име |
Унджиев, Иван Николов |
| Дати, свързани с автора |
1902 - 1979 |
| 9 (RLIN) |
369302 |
| 760 1# - Описание на основната серия |
| Редна дума на основното описание |
Раковски, Георги Стойков |
| Място на издаване, издател и година |
1969 |
| Страници - том |
474 с. : с портр., факс., 1 л. : портр. |
| Забележка - том |
Изд. на БАН. Инст. за история. - 800 тир. |
| Заглавие |
Т. 4 Писма до Раковски |
| 852 ## - Местоположение |
| Форматна сигнатура |
Цб 8936 |
| 852 ## - Местоположение |
| Форматна сигнатура |
К 94(497.2)"1856/1877"(092)/Р 31 |
| 856 4# - Електронен адрес и достъп |
| Електронен формат |
pdf - файл |
| 856 4# - Електронен адрес и достъп |
| Електронен формат |
pdf - файл |
| 999 ## - СИСТЕМНИ КОНТРОЛНИ НОМЕРА |
| Koha biblionumber |
140150 |
| Koha biblioitemnumber |
140150 |
| 942 ## - АРТИКУЛИ |
| Вид на библиотечния материал |
Книги |
| Скрит в OPAC |
Не |
| Периодичен библиозапис |
Да |
| 944 ## - СЪЗДАВАНЕ И РЕДАКЦИЯ на ЗАПИСА |
| Създаване/Редакция |
Създаване |
| Дата на регистрацията/редакция |
17.07.2013 |
| Статус, дата на статуса |
Геновева Генчева |
| Служител, извършил регистрацията/редакцията |
30560 |
| 944 ## - СЪЗДАВАНЕ И РЕДАКЦИЯ на ЗАПИСА |
| Създаване/Редакция |
Редакция |
| Дата на регистрацията/редакция |
18.07.2013 |
| Статус, дата на статуса |
17.07.2013 - от С1,Р / 17.07.2013 |
| 999 ## - СИСТЕМНИ КОНТРОЛНИ НОМЕРА |
| Koha biblioitemnumber |
140150 |